000 00447pab a2200157 454500
008 180718b2002 xxu||||| |||| 00| 0 eng d
100 _aBrooks, Arthur C.
245 _aCan nonprofit management help answer public management's "big questions"?
260 _c2002
300 _ap.259-66.
362 _aMay-Jun
650 _aPublic administration
650 _aNonprofit organizations
773 _aPublic Administration Review
909 _a53184
999 _c53184
_d53184